Datum a čas kvízu
16.5
Celkem bodů
Celkový počet nahraných bodů na tomto kvízu bez doplňovacích otázek.
5.
Pořadí na kvízu
Konečné umístění týmu na tomto kvízu.
Zaznamenané odpovědi
| # | Otázka | Odpověď | Body | Výsledky |
|---|---|---|---|---|
| 1. | Státní maturity začaly minulou... | 0 | ||
| 2. | Anglická motoristická žurnalis... | 0 | ||
| 3. | Soutěž World Press Photo letos... | 0 | ||
| 4. | Ministerstvo dopravy vybralo v... | 0 | ||
| 5. | Minulý týden se začala prodáva... | 1 | ||
| 6. | Vzpomeňme v tomto tématu na zř... | 1 | ||
| 7. | Vyberte nepravdivé tvrzení o F... | 0 | ||
| 8. | Jedno z jeho prvních děl bylo... | 0 | ||
| 9. | Jakou větu pronesl v Přeletu n... | 0 | ||
| 10. | V roce 1979 natočil Miloš Form... | 0 |